Cerámica mexicana y loza de talavera de Puebla (Record no. 3451)

MARC details
000 -CABECERA
campo de control de longitud fija 01011nam a2200253 a 4500
001 - NÚMERO DE CONTROL
campo de control BRCA_3722
005 - FECHA Y HORA DE LA ÚLTIMA TRANSACCIÓN
campo de control 20190320204410.0
008 - DATOS DE LONGITUD FIJA--INFORMACIÓN GENERAL
campo de control de longitud fija 011009s1910----mx-a---###---#000-0#spa-#
041 ## - CÓDIGO DE LENGUA
Código de lengua del texto/banda sonora o título independiente spa
044 ## - CÓDIGO DEL PAÍS DE LA ENTIDAD EDITORA/PRODUCTORA
Código MARC del país mx
050 #4 - SIGNATURA TOPOGRÁFICA DE LA BIBLIOTECA DEL CONGRESO
Número de clasificación NK4031
Número de documento/Ítem .P43 1910
100 1# - ENTRADA PRINCIPAL--NOMBRE DE PERSONA
Nombre de persona Peñafiel, Antonio
Fechas asociadas al nombre 1831-1922
9 (RLIN) 9684
245 10 - MENCIÓN DE TÍTULO
Título Cerámica mexicana y loza de talavera de Puebla
Resto del título época colonial y moderna
Mención de responsabilidad, etc. Antonio Peñafiel.
260 ## - PUBLICACIÓN, DISTRIBUCIÓN, ETC.
Lugar de publicación, distribución, etc. México
Nombre del editor, distribuidor, etc. Imprenta y Fototipia de la Secretaría de Fomento
Fecha de publicación, distribución, etc. 1910
300 ## - DESCRIPCIÓN FÍSICA
Extensión 44 p.
Otras características físicas il., 98 láminas
Dimensiones 29 cm.
500 ## - NOTA GENERAL
Nota general Se imprime por acuerdo del Señor General Don Porfirio Díaz, Presidente de la República siendo Secretario de Fomento el Señor Licenciado Don Olegario Molina
500 ## - NOTA GENERAL
Nota general Ejemplar engargolado
500 ## - NOTA GENERAL
Nota general Por política no se presta a domicilio
500 ## - NOTA GENERAL
Nota general Se cuenta con la edición original en Caja Fuerte, con el número de control A121
650 14 - PUNTO DE ACCESO ADICIONAL DE MATERIA--TÉRMINO DE MATERIA
Término de materia o nombre geográfico como elemento de entrada Cerámica mexicana
9 (RLIN) 9685
650 14 - PUNTO DE ACCESO ADICIONAL DE MATERIA--TÉRMINO DE MATERIA
Término de materia o nombre geográfico como elemento de entrada Talavera poblana
9 (RLIN) 1700
902 ## - CATALOGADOR
Iniciales eng
942 ## - ELEMENTOS DE PUNTO DE ACCESO ADICIONAL (KOHA)
Fuente del sistema de clasificación o colocación Library of Congress Classification
Tipo de ítem Koha Libros
Holdings
Estado de retiro Estado de pérdida Estado dañado No para préstamo Localización permanente Ubicación/localización actual Fecha de adquisición Total de préstamos Signatura topográfica completa Código de barras Fecha visto por última vez Precio válido a partir de Tipo de ítem Koha
El ejemplar forma parte de la colección y puede ser consultado según las políticas vigentes.       Biblioteca del Museo Franz Mayer (Rogerio Casas-Alatriste) Biblioteca del Museo Franz Mayer (Rogerio Casas-Alatriste) 11/09/2009   NK4031 .P43 1910 ENG00028 22/03/2019 22/03/2019 Libros